| 000 | 01056cam a22003135a 4500 | ||
|---|---|---|---|
| 001 | 017166864 | ||
| 003 | OSt | ||
| 005 | 20160307133236.0 | ||
| 008 | 150416t2015 nyu frb 001 0 eng d | ||
| 020 | _z9781782386254 | ||
| 040 |
_aStDuBDS _beng _cStDuBDS _epn _dEG-ScBUE |
||
| 041 | 1 |
_aeng _hger |
|
| 082 | 0 | 4 |
_a302.2309 _222 _bBOS |
| 100 | 1 |
_aBösch, Frank, _d1969- _939495 |
|
| 240 | 1 | 0 |
_aMediengeschichte. _lEnglish |
| 245 | 1 | 0 |
_aMass media and historical change : _bGermany in international perspective, 1400 to the present / _cFrank Bosch ; translated by Freya Buechter. |
| 260 |
_aNew York ; _aOxford : _bBerghahn Books, _cc.2015. |
||
| 300 |
_a205 p. ; _c24 cm. |
||
| 500 | _aIndex : p. 197-205. | ||
| 504 | _aBibliography : p. 175-196. | ||
| 546 | _aText in English ; translated from original German. | ||
| 650 | 0 |
_aMass media _xHistory. _2BUEsh |
|
| 650 | 7 |
_aJournalism. _2BUEsh _937800 |
|
| 651 | _2BUEsh | ||
| 653 |
_bCOMAME _cMarch2016 |
||
| 700 | 1 |
_aBuechter, Freya, _etranslator. |
|
| 776 | 0 | 8 |
_iPrint version _z9781782386254 |
| 942 | _2ddc | ||
| 999 |
_c21333 _d21305 |
||